000 00477nam a2200193Ia 4500
003 OSt
005 20250109165054.0
008 231217s9999 xx 000 0 und d
020 _a0074632922
040 _c0
041 _aEnglish
082 _a001.6424JAV NAU;1 R
100 _aNaughton, Patrick. Schildt, Herbert.
245 0 _aJava : the complete reference
260 _c1997
_bMcGraw-Hill
_aNew Delhi
300 _axxiv, 886
650 _aJava
942 _cAA
_2ddc
999 _c199413
_d199413